| 000 | 00570nam a2200217Ia 4500 | ||
|---|---|---|---|
| 003 | 0100 | ||
| 008 | 130227s9999 xx 000 0 und d | ||
| 040 | _cARRUPELIB | ||
| 050 | _aBV4460.7.H198 2007 | ||
| 100 | _aHamavhwa, Chilimba S. | ||
| 245 | _aPsychology counselling | ||
| 245 | _bhandbook for HIV and AIDS counsellors | ||
| 260 | _aNairobi, Kenya | ||
| 260 | _bAcrodile Publishing | ||
| 260 | _C2007 | ||
| 300 | _a123p. | ||
| 300 | _b 26cm. | ||
| 650 | _bMilton, John - Political views | ||
| 650 | _cMilton, John - Religion & ethics | ||
| 942 |
_2lcc _01 |
||
| 999 |
_c4369 _d4369 |
||